Citrus Fruits by Picture - Statistics

General Stats
  • This quiz has been taken 87 times
  • The average score is 7 of 15
Answer Stats
Picture Answer % Correct
Lemon
100%
Lime
97%
Orange
97%
Grapefruit
88%
Kumquat
53%
Blood Orange
52%
Clementine
39%
Pomelo
38%
Citron
20%
Buddha's Hand
17%
Tangelo
17%
Yuzu
17%
Finger Lime
14%
Oroblanco
3%
Shonan Gold
0%
No matching quizzes found
Score Distribution
Percent of People with Each Score
Percentile by Number Answered
Your Score History
You have not taken this quiz